Políticas de salarios y equidad /
Guardado en:
| Autor principal: | |
|---|---|
| Formato: | Texto |
| Etiquetas: |
Agregar Etiqueta
Sin Etiquetas, Sea el primero en etiquetar este registro!
|
MARC
| LEADER | 00000 a a2200000 04500 | ||
|---|---|---|---|
| 001 | 45824 | ||
| 003 | |||
| 040 | |||
| 100 | |a García-Huidobro, Guillermo | ||
| 245 | |a Políticas de salarios y equidad / |c Guillermo García-Huidobro | ||
| 773 | |g páginas 3-30: gráficos, ilustraciones | ||
| 999 | |c 27416 |d 27416 | ||
